[Event "Puerto Lopez op"]
[Site "Puerto Lopez"]
[Date "2022.05.08"]
[Round "4"]
[White "Vargas, Yuli Marcela"]
[Black "Delgado Caballero, Nigel Alejandro"]
[Result "0-1"]
[WhiteElo "1591"]
[BlackElo "1230"]
[PlyCount "62"]
[EventDate "2022.05.07"]
[EventType "swiss"]
[EventRounds "6"]
[EventCountry "COL"]
[SourceTitle "CBM 208 Extra"]
[Source "ChessBase"]
[SourceDate "2022.07.31"]
[SourceVersion "1"]
[SourceVersionDate "2022.07.31"]
[SourceQuality "1"]

1. e4 c5 2. Nf3 d6 3. d4 cxd4 4. Nxd4 Nf6 5. Nc3 a6 6. Bg5 e6 7. Bc4 Be7 8. Qe2 Qa5 9. Bd2 Qb6 10. Nb3 Nc6 11. Be3 Qc7 12. a3 Ne5 13. Bd3 b5 14. f4 Nc6 15. Nd4 Nxd4 16. Bxd4 e5 17. Be3 0-0 18. f5 Bb7 19. Qf3 Rad8 20. Rd1 d5 21. exd5 Nxd5 22. Nxd5 Bxd5 23. Be4 Bxe4 24. Qxe4 Rxd1+ 25. Kxd1 Rd8+ 26. Ke2 h6 27. Qg4 Qxc2+ 28. Kf3 Rd3 29. Qe4 Bg5 30. Rc1 Rxe3+ 31. Qxe3 Qxf5+ 0-1

[Event "COL-ch Superate B (Women)"]
[Site "Colombia"]
[Date "2015.10.15"]
[Round "2.1"]
[White "Vargas, Yuli Marcela"]
[Black "Fiesco, Valentina"]
[Result "0-1"]
[WhiteElo "1601"]
[BlackElo "1834"]
[PlyCount "112"]
[EventDate "2015.10.15"]
[EventType "swiss (rapid)"]
[EventRounds "6"]
[EventCountry "COL"]
[SourceTitle "EXT 2024"]
[Source "ChessBase"]
[SourceDate "2023.10.10"]
[SourceVersion "1"]
[SourceVersionDate "2023.10.10"]
[SourceQuality "1"]

1. e4 c6 2. c3 d5 3. exd5 cxd5 4. d4 e6 5. Nf3 Nf6 6. Bg5 Be7 7. Bd3 0-0 8. Qe2 Nc6 9. Nbd2 Bd7 10. Ne5 Qc7 11. f4 Ne8 12. Nxc6 Bxc6 13. Bxe7 Qxe7 14. f5 Qh4+ 15. g3 Qh6 16. Rf1 Nd6 17. Qe5 exf5 18. 0-0-0 Rfe8 19. Qf4 Qxf4 20. Rxf4 g6 21. h4 Re7 22. Nf3 Rae8 23. Ne5 f6 24. Nxc6 bxc6 25. g4 g5 26. hxg5 fxg5 27. Rf2 fxg4 28. Rg2 Ne4 29. Re1 h5 30. c4 Kg7 31. Rge2 h4 32. b4 Kf6 33. b5 cxb5 34. cxd5 Nd6 35. Rf1+ Kg7 36. Ref2 g3 37. Rf6 Re1+ 38. Rxe1 Rxe1+ 39. Kd2 Kxf6 40. Kxe1 a6 41. Kf1 Nc4 42. Kg2 Ne3+ 43. Kg1 Nxd5 44. Be4 Nc3 45. Bf3 Nxa2 46. d5 Ke5 47. Kg2 Nc3 48. Kh3 Nxd5 49. Bxd5 Kxd5 50. Kg2 b4 51. Kh3 b3 52. Kg2 b2 53. Kh3 b1Q 54. Kg2 h3+ 55. Kf3 Qe4+ 56. Kxg3 Qg2# 0-1

[Event "COL-ch Superate B (Women)"]
[Site "Colombia"]
[Date "2015.10.15"]
[Round "6.2"]
[White "Vargas, Yuli Marcela"]
[Black "Medina Barrios, Lina Maria"]
[Result "1-0"]
[WhiteElo "1601"]
[BlackElo "1508"]
[PlyCount "71"]
[EventDate "2015.10.15"]
[EventType "swiss (rapid)"]
[EventRounds "6"]
[EventCountry "COL"]
[SourceTitle "EXT 2024"]
[Source "ChessBase"]
[SourceDate "2023.10.10"]
[SourceVersion "1"]
[SourceVersionDate "2023.10.10"]
[SourceQuality "1"]

1. e4 c5 2. c3 e6 3. d4 Nc6 4. Nf3 d5 5. exd5 exd5 6. Bb5 Qc7 7. dxc5 Nf6 8. Bg5 Be6 9. Bxf6 gxf6 10. Nd4 Bxc5 11. Nxe6 fxe6 12. c4 0-0-0 13. cxd5 Rxd5 14. Qg4 Qe5+ 15. Qe2 Bxf2+ 16. Kxf2 Rxb5 17. Qxe5 Rxe5 18. Nc3 Rg8 19. Rhe1 Rgg5 20. Kg1 Nd4 21. Rxe5 Rxe5 22. Rc1 Kd7 23. Rd1 Kc6 24. Rxd4 Rc5 25. Ne4 e5 26. Rd6+ Kb5 27. Nxc5 Kxc5 28. Rd3 e4 29. Rc3+ Kd4 30. Kf2 f5 31. g3 h5 32. h4 b5 33. Ke2 a5 34. Rc7 Kd5 35. Ke3 Kd6 36. Rh7 1-0

[Event "COL-ch Superate B (Women)"]
[Site "Colombia"]
[Date "2015.10.14"]
[Round "6.11"]
[White "Camacho Calderon, Katherine"]
[Black "Vargas, Yuli Marcela"]
[Result "0-1"]
[WhiteElo "1631"]
[BlackElo "1601"]
[PlyCount "76"]
[EventDate "2015.10.14"]
[EventType "swiss (blitz)"]
[EventRounds "12"]
[EventCountry "COL"]
[SourceTitle "EXT 2024"]
[Source "ChessBase"]
[SourceDate "2023.10.10"]
[SourceVersion "1"]
[SourceVersionDate "2023.10.10"]
[SourceQuality "1"]

1. e4 e5 2. Nf3 Nc6 3. Bc4 Nf6 4. d3 d5 5. Bb5 dxe4 6. dxe4 Qxd1+ 7. Kxd1 Nxe4 8. Ke1 Bd7 9. Nc3 Nxc3 10. bxc3 0-0-0 11. Bb2 Bg4 12. Bxc6 bxc6 13. Nxe5 Re8 14. f4 f6 15. Kf2 fxe5 16. fxe5 Rxe5 17. c4 Bc5+ 18. Kg3 Re4 19. h3 Bf5 20. Rhd1 Rxc4 21. Rd3 Bxd3 22. cxd3 Rc2 23. Bxg7 Rg8 24. Kf3 Rxg7 25. Re1 Re7 26. Rd1 Rf2+ 27. Kg3 Rg7+ 28. Kh2 Rfxg2+ 29. Kh1 Rg1+ 30. Kh2 Rxd1 31. d4 Bxd4 32. h4 Re7 33. Kh3 Re4 34. h5 Rd3+ 35. Kg2 Re2+ 36. Kf1 Rxa2 37. Ke1 Bc3+ 38. Kf1 Rd1# 0-1

[Event "COL-ch Superate B (Women)"]
[Site "Colombia"]
[Date "2015.10.14"]
[Round "8.9"]
[White "De la Rosa Povea, Roseli Marcela"]
[Black "Vargas, Yuli Marcela"]
[Result "0-1"]
[WhiteElo "1606"]
[BlackElo "1601"]
[PlyCount "140"]
[EventDate "2015.10.14"]
[EventType "swiss (blitz)"]
[EventRounds "12"]
[EventCountry "COL"]
[SourceTitle "EXT 2024"]
[Source "ChessBase"]
[SourceDate "2023.10.10"]
[SourceVersion "1"]
[SourceVersionDate "2023.10.10"]
[SourceQuality "1"]

1. d4 e6 2. c4 c5 3. Nf3 Nf6 4. e3 cxd4 5. Nxd4 d5 6. Nc3 Bd7 7. Bd3 Bb4 8. Qc2 Nc6 9. a3 Bxc3+ 10. Qxc3 Nxd4 11. Qxd4 dxc4 12. Bxc4 0-0 13. 0-0 Bc6 14. Qd2 Ng4 15. Rd1 Qg5 16. e4 Qxd2 17. Bxd2 Bxe4 18. f3 Bc2 19. Re1 Nf6 20. Rac1 Ba4 21. b3 Bc6 22. Bg5 Nd5 23. Bxd5 Bxd5 24. b4 Rac8 25. Bf4 a6 26. Re2 Rxc1+ 27. Bxc1 Rc8 28. Bf4 Rc3 29. Re1 Rxa3 30. Bc1 Rb3 31. Bd2 Rb2 32. Bc3 Rc2 33. Be5 g6 34. Rb1 h5 35. h3 f5 36. b5 axb5 37. Rxb5 g5 38. Bf6 g4 39. Rb4 gxf3 40. gxf3 Bxf3 41. Rf4 Rg2+ 42. Kf1 Bc6 43. Bd4 Rc2 44. Bf2 b5 45. Rb4 Rc4 46. Be1 Rxb4 47. Bxb4 Kf7 48. Kf2 Kg6 49. Ke3 e5 50. h4 f4+ 51. Kf2 Kf5 52. Bd6 e4 53. Ke2 Kg4 54. Be7 e3 55. Kf1 Kf3 56. Bc5 Kg3 57. Bd6 Kg4 58. Ke1 f3 59. Bc5 e2 60. Kf2 Kxh4 61. Bd6 Kg4 62. Bc7 h4 63. Bd6 h3 64. Bc7 b4 65. Be5 b3 66. Ke1 b2 67. Bxb2 h2 68. Kd2 h1Q 69. Bd4 Qd1+ 70. Ke3 e1Q# 0-1

[Event "COL-ch Superate B (Women)"]
[Site "Colombia"]
[Date "2015.10.14"]
[Round "12.4"]
[White "Ramos Arboleda, Dellys Carolina"]
[Black "Vargas, Yuli Marcela"]
[Result "1-0"]
[WhiteElo "1648"]
[BlackElo "1601"]
[PlyCount "81"]
[EventDate "2015.10.14"]
[EventType "swiss (blitz)"]
[EventRounds "12"]
[EventCountry "COL"]
[SourceTitle "EXT 2024"]
[Source "ChessBase"]
[SourceDate "2023.10.10"]
[SourceVersion "1"]
[SourceVersionDate "2023.10.10"]
[SourceQuality "1"]

1. e4 e5 2. Nf3 Nf6 3. Nxe5 d6 4. Nf3 Nxe4 5. Qe2 Qe7 6. d3 Nf6 7. Nc3 Bg4 8. Be3 Nc6 9. 0-0-0 Ne5 10. h3 Bxf3 11. gxf3 a6 12. Bg2 Qe6 13. f4 Nc6 14. Rhe1 Be7 15. Bxc6+ bxc6 16. Qf3 d5 17. Bc5 Ne4 18. dxe4 0-0 19. exd5 Qg6 20. Rxe7 cxd5 21. Rxc7 Rfc8 22. Rxc8+ Rxc8 23. Nxd5 Kh8 24. Ne7 Qe6 25. Nxc8 Qxc8 26. Qd5 h6 27. Qd8+ Qxd8 28. Rxd8+ Kh7 29. f5 g6 30. fxg6+ Kxg6 31. Be3 h5 32. c4 Kf5 33. c5 h4 34. c6 Ke4 35. c7 f5 36. c8Q f4 37. Qc6+ Kf5 38. Qd5+ Kf6 39. Rd6+ Kg7 40. Bd4+ Kh7 41. Qf7# 1-0

[Event "COL-ch Superate B (Women)"]
[Site "Colombia"]
[Date "2015.10.14"]
[Round "7.9"]
[White "Vargas, Yuli Marcela"]
[Black "De la Rosa Povea, Roseli Marcela"]
[Result "1/2-1/2"]
[WhiteElo "1601"]
[BlackElo "1606"]
[PlyCount "141"]
[EventDate "2015.10.14"]
[EventType "swiss (blitz)"]
[EventRounds "12"]
[EventCountry "COL"]
[SourceTitle "EXT 2024"]
[Source "ChessBase"]
[SourceDate "2023.10.10"]
[SourceVersion "1"]
[SourceVersionDate "2023.10.10"]
[SourceQuality "1"]

1. e4 c6 2. Nf3 d5 3. exd5 cxd5 4. d4 Nf6 5. Nc3 e6 6. Bg5 Be7 7. Bb5+ Bd7 8. Bxd7+ Nbxd7 9. Qd2 h6 10. Bxf6 Bxf6 11. 0-0 0-0 12. Rad1 Rc8 13. Rfe1 a6 14. a3 b5 15. h3 Re8 16. Ne5 Bg5 17. Qd3 Nf6 18. Ne2 Qc7 19. Ng3 Qxc2 20. Qxc2 Rxc2 21. Re2 Rxe2 22. Nxe2 Rc8 23. f4 Bh4 24. g3 Bxg3 25. Nxg3 Nh7 26. Nd7 f6 27. Nc5 a5 28. Nxe6 Rc2 29. b4 axb4 30. axb4 Rb2 31. Rc1 Kf7 32. Nc7 Rxb4 33. Nxd5 Rxd4 34. Nb6 b4 35. f5 b3 36. Rc7+ Kf8 37. Nd7+ Ke8 38. Rb7 Rxd7 39. Rxb3 Ng5 40. h4 Nf7 41. Kf2 Ne5 42. Re3 Kf7 43. Ne4 g6 44. fxg6+ Nxg6 45. h5 Ne5 46. Nc5 Rd2+ 47. Kg3 Rd4 48. Nb3 Rg4+ 49. Kh2 Ke6 50. Nc5+ Kf5 51. Nd3 Nxd3 52. Rxd3 Re4 53. Rf3+ Rf4 54. Re3 Kg5 55. Rh3 Rf2+ 56. Kg1 Rf4 57. Kh2 f5 58. Kg1 Rg4+ 59. Kf2 f4 60. Kf3 Rg3+ 61. Rxg3+ fxg3 62. Kxg3 Kxh5 63. Kh3 Kg5 64. Kg3 h5 65. Kh3 h4 66. Kh2 Kg4 67. Kg2 h3+ 68. Kh2 Kh4 69. Kh1 Kg3 70. Kg1 h2+ 71. Kh1 1/2-1/2

[Event "COL-ch Superate B (Women)"]
[Site "Colombia"]
[Date "2015.10.14"]
[Round "2.1"]
[White "Vargas, Yuli Marcela"]
[Black "Gomez Guardo, Laura Melissa"]
[Result "0-1"]
[WhiteElo "1601"]
[BlackElo "1885"]
[PlyCount "110"]
[EventDate "2015.10.14"]
[EventType "swiss (blitz)"]
[EventRounds "12"]
[EventCountry "COL"]
[SourceTitle "EXT 2024"]
[Source "ChessBase"]
[SourceDate "2023.10.10"]
[SourceVersion "1"]
[SourceVersionDate "2023.10.10"]
[SourceQuality "1"]

1. e4 g6 2. Nf3 Bg7 3. d4 d6 4. Bf4 Nf6 5. Bd3 0-0 6. 0-0 Re8 7. Nc3 Nbd7 8. Qe2 e5 9. dxe5 Nxe5 10. Nxe5 dxe5 11. Bg3 c6 12. Rad1 Qc7 13. Bc4 Bg4 14. f3 Be6 15. Rfe1 Qb6+ 16. Kh1 Bxc4 17. Qxc4 Nh5 18. Bh4 Rab8 19. Rd7 Rf8 20. Be7 Rfe8 21. Bd6 Rbd8 22. Qxf7+ Kh8 23. Rxd8 Qxd8 24. Rd1 Qc8 25. Na4 Nf4 26. g3 Ne6 27. Nc5 Nxc5 28. Bxc5 b6 29. Bd6 a6 30. Qc7 b5 31. Qxc8 Rxc8 32. Bc5 Bf6 33. b3 Rd8 34. Rxd8+ Bxd8 35. a3 Kg7 36. Kg2 Kf6 37. Kf2 Ke6 38. Ke2 Bg5 39. Kd3 h5 40. h3 Bh6 41. c3 Bc1 42. c4 Bh6 43. cxb5 cxb5 44. Kc3 Bc1 45. a4 Kd7 46. axb5 axb5 47. b4 Kc6 48. Kd3 Bh6 49. Be3 Bf8 50. f4 exf4 51. Bxf4 Bxb4 52. e5 Be7 53. e6 Kd5 54. g4 Kxe6 55. gxh5 gxh5 0-1

[Event "Bogota Superate Cat B Avanzado Girls"]
[Site "Bogota"]
[Date "2015.10.14"]
[Round "5.8"]
[White "Vargas, Yuli Marcela"]
[Black "Martinez, Claudia Marcela"]
[Result "1-0"]
[WhiteElo "1601"]
[BlackElo "1629"]
[PlyCount "103"]
[EventDate "2015.10.12"]
[EventType "swiss"]
[EventRounds "5"]
[EventCountry "COL"]
[SourceTitle "EXT 2024"]
[Source "ChessBase"]
[SourceDate "2023.10.10"]
[SourceVersion "1"]
[SourceVersionDate "2023.10.10"]
[SourceQuality "1"]

1. e4 e5 2. Nf3 Nc6 3. Bb5 a6 4. Ba4 Nf6 5. Nc3 Bb4 6. 0-0 0-0 7. Re1 b5 8. Bb3 Na5 9. Nd5 Nxb3 10. Nxf6+ Qxf6 11. axb3 d6 12. c3 Bc5 13. d4 Bb6 14. dxe5 dxe5 15. Qd5 Be6 16. Qxe5 Qxe5 17. Nxe5 f6 18. Nc6 Rae8 19. b4 f5 20. e5 Bd5 21. Nd4 Bb7 22. e6 Bxd4 23. cxd4 Rf6 24. Bf4 c6 25. h4 Rfxe6 26. Rxe6 Rxe6 27. Be5 Kf7 28. Kh2 h5 29. Rc1 g6 30. Kg3 Ke7 31. Kf4 Kd7 32. f3 Ke7 33. d5 cxd5 34. Rc7+ Ke8 35. Rxb7 Rc6 36. Rc7 Rc4+ 37. Rxc4 bxc4 38. Bd4 Kf7 39. Ke5 Ke7 40. Kxd5 Kd7 41. Kxc4 Kc6 42. g3 Kd6 43. b5 a5 44. f4 Kd7 45. Kc5 Kc7 46. b6+ Kb7 47. Kb5 a4 48. Be3 Kb8 49. Kc6 Kc8 50. b7+ Kb8 51. Bc5 a3 52. Bd6+ 1-0

[Event "Bogota Superate Cat B Avanzado Girls"]
[Site "Bogota"]
[Date "2015.10.13"]
[Round "3.2"]
[White "Vargas, Yuli Marcela"]
[Black "Gomez Guardo, Laura Melissa"]
[Result "0-1"]
[WhiteElo "1601"]
[BlackElo "1885"]
[PlyCount "103"]
[EventDate "2015.10.12"]
[EventType "swiss"]
[EventRounds "5"]
[EventCountry "COL"]
[SourceTitle "EXT 2024"]
[Source "ChessBase"]
[SourceDate "2023.10.10"]
[SourceVersion "1"]
[SourceVersionDate "2023.10.10"]
[SourceQuality "1"]

1. e4 c5 2. c3 d6 3. d4 cxd4 4. cxd4 a6 5. Nc3 Nf6 6. Bg5 g6 7. Nf3 Bg7 8. e5 dxe5 9. dxe5 Nfd7 10. Bc4 Nc6 11. e6 fxe6 12. Bxe6 Nc5 13. Qxd8+ Nxd8 14. Bxc8 Bxc3+ 15. bxc3 Rxc8 16. 0-0 Ne4 17. Bxe7 Kxe7 18. Rfe1 Rxc3 19. Rxe4+ Kf6 20. Rd1 Nf7 21. h3 Rc7 22. Rf4+ Kg7 23. Nd4 Re8 24. Rd3 Re1+ 25. Kh2 Rcc1 26. Nf3 Re7 27. Rfd4 Rc2 28. Rd2 Rxd2 29. Rxd2 b5 30. Nd4 Ne5 31. f4 Nc4 32. Rc2 Re4 33. Ne2 Kf6 34. Kg3 Ke6 35. Kf3 Re3+ 36. Kf2 Rd3 37. Nc1 Rd2+ 38. Rxd2 Nxd2 39. Ke3 Nc4+ 40. Kd4 Kf5 41. Ne2 h5 42. a4 Nd6 43. axb5 Nxb5+ 44. Kd5 Nc7+ 45. Kd6 Nb5+ 46. Kd5 h4 47. Kc5 Na3 48. Nd4+ Kxf4 49. Nf3 g5 50. Kb6 Nc4+ 51. Kxa6 Ne3 52. g4 0-1

[Event "COL-ch U17 Girls"]
[Site "Villavicencio"]
[Date "2013.12.01"]
[Round "6.2"]
[White "Vargas, Yuli Marcela"]
[Black "Garzon, Rosshillary"]
[Result "1-0"]
[WhiteElo "1535"]
[BlackElo "1477"]
[PlyCount "88"]
[EventDate "2013.11.28"]
[EventType "swiss"]
[EventRounds "6"]
[EventCountry "COL"]
[SourceTitle "EXT 2024"]
[Source "ChessBase"]
[SourceDate "2023.10.10"]
[SourceVersion "1"]
[SourceVersionDate "2023.10.10"]
[SourceQuality "1"]

1. e4 e5 2. Nf3 Nc6 3. Bc4 Bc5 4. Nc3 d6 5. d3 h6 6. h3 Nf6 7. a3 Qe7 8. Qe2 Be6 9. Nd5 Qd7 10. Be3 Na5 11. Ba2 c6 12. Nb4 Bb6 13. c3 Bxe3 14. Qxe3 c5 15. Nd5 Qc6 16. b4 Nxd5 17. exd5 Bxd5 18. Bxd5 Qxd5 19. bxa5 b6 20. a6 b5 21. d4 f6 22. 0-0 0-0 23. dxe5 Rae8 24. Rfd1 Qe6 25. Rxd6 Qc8 26. Qe4 Qc7 27. Qd5+ Kh7 28. Rc6 Qe7 29. Qxc5 Qd7 30. Rd6 Qf5 31. Qxa7 fxe5 32. Rd5 Qe4 33. Rad1 Rf5 34. Qe3 Qf4 35. Qxf4 Rxf4 36. Rxe5 Rxe5 37. Nxe5 Ra4 38. Rd5 Rxa6 39. Rxb5 Rxa3 40. c4 Ra1+ 41. Kh2 Rc1 42. c5 Rc2 43. Kg3 Kg8 44. c6 Kf8 1-0

[Event "COL-ch U17 Girls"]
[Site "Villavicencio"]
[Date "2013.11.29"]
[Round "2.2"]
[White "Vargas, Yuli Marcela"]
[Black "Jaramillo, Laura"]
[Result "1-0"]
[WhiteElo "1535"]
[BlackElo "1554"]
[PlyCount "23"]
[EventDate "2013.11.28"]
[EventType "swiss"]
[EventRounds "6"]
[EventCountry "COL"]
[SourceTitle "EXT 2024"]
[Source "ChessBase"]
[SourceDate "2023.10.10"]
[SourceVersion "1"]
[SourceVersionDate "2023.10.10"]
[SourceQuality "1"]

1. e4 e5 2. Nf3 Nc6 3. Bc4 Bc5 4. d3 Nf6 5. Nc3 Ng4 6. Qe2 Nxf2 7. Rf1 Ng4 8. Ng5 Nxh2 9. Rxf7 Rf8 10. Qh5 Qe7 11. Rxf8+ Kxf8 12. Nxh7# 1-0

[Event "Central Region-ch U14 Girls"]
[Site "Dosquebradas"]
[Date "2013.03.23"]
[Round "3.3"]
[White "Arcila, Sofia"]
[Black "Vargas, Yuli Marcela"]
[Result "0-1"]
[WhiteElo "1374"]
[BlackElo "1509"]
[PlyCount "54"]
[EventDate "2013.03.22"]
[EventType "swiss"]
[EventRounds "5"]
[EventCountry "COL"]
[SourceTitle "EXT 2024"]
[Source "ChessBase"]
[SourceDate "2023.10.10"]
[SourceVersion "1"]
[SourceVersionDate "2023.10.10"]
[SourceQuality "1"]

1. e4 e5 2. Nf3 Nc6 3. Bb5 Nf6 4. 0-0 Bd6 5. Nc3 a6 6. Ba4 0-0 7. d4 exd4 8. Nxd4 Nxd4 9. Qxd4 Re8 10. Bg5 Be5 11. Qc4 b5 12. Bxf6 Qxf6 13. Bxb5 axb5 14. Nxb5 Ba6 15. c3 c6 16. Qd3 Bxb5 17. c4 Ba6 18. Qxd7 Bxc4 19. Rfd1 Red8 20. Qh3 Rxa2 21. Rac1 Rxb2 22. Rxd8+ Qxd8 23. Qf3 Qf6 24. Qe3 Rxf2 25. Qxf2 Bd4 26. Rc2 Bxf2+ 27. Rxf2 Qd4 0-1

[Event "Central Region-ch U14 Girls"]
[Site "Dosquebradas"]
[Date "2013.03.23"]
[Round "4.2"]
[White "Vargas, Yuli Marcela"]
[Black "Diaz, Luisa Fernanda"]
[Result "1-0"]
[WhiteElo "1509"]
[BlackElo "1464"]
[PlyCount "64"]
[EventDate "2013.03.22"]
[EventType "swiss"]
[EventRounds "5"]
[EventCountry "COL"]
[SourceTitle "EXT 2024"]
[Source "ChessBase"]
[SourceDate "2023.10.10"]
[SourceVersion "1"]
[SourceVersionDate "2023.10.10"]
[SourceQuality "1"]

1. e4 e5 2. Nf3 Nc6 3. Bc4 Nf6 4. Nc3 Bc5 5. d3 d6 6. Bg5 Ne7 7. h3 c6 8. 0-0 Ng6 9. Be3 0-0 10. Qd2 Nh5 11. d4 Bb6 12. Rad1 Be6 13. d5 cxd5 14. Bxd5 Bxd5 15. Nxd5 f5 16. Ng5 h6 17. Ne6 Qh4 18. Nxf8 Rxf8 19. Nxb6 axb6 20. Qxd6 Ngf4 21. Bxf4 Nxf4 22. Qxe5 Qg5 23. g3 Nxh3+ 24. Kg2 Qg4 25. Rd7 f4 26. Rxg7+ Qxg7 27. Qxg7+ Kxg7 28. Kxh3 fxg3 29. Kxg3 Kg6 30. f4 Re8 31. e5 h5 32. Rd1 Kf5 1-0